| 000 | 00376nam a2200121Ia 4500 | ||
|---|---|---|---|
| 008 | 231129s2016||||xx |||||||||||||| ||spa|| | ||
| 020 | _a978-958-47-0000-1 | ||
| 082 | _aDVD 01 CULT | ||
| 245 | 0 | _aPatrimonio Colombia [Videograbación]: Descubre nuestra mágia y realidad | |
| 260 | _c2016 | ||
| 264 | _aBogotá: Corpocaribe | ||
| 942 |
_2ddc _cBKS |
||
| 999 |
_c22488 _d22488 |
||